000 00542nam a2200217Ia 4500
003 OSt
005 20220928144658.0
006 a|||||r|||| 00| 0
007 ta
008 220927b |||||||| |||| 00| 0 eng d
024 _a73000
037 _cAnnuals, Advances
040 _aSDCL
_cSDCL
_beng
041 _2eng
_aeng
082 _aO-,3M882,1, G9
100 _aCary Joyce
_9509053
245 0 _aMister Johnson.
260 _c1939
942 _hO-,3M882,1, G9
_cREF
_2CC
999 _c828908
_d828908